| 000 | 01452nam0a2200337 4500 | ||
|---|---|---|---|
| 001 | RU\NLR\ONL1\2638 | ||
| 005 | 20250613113851.0 | ||
| 035 | _a(NLR Aleph) 009631391 | ||
| 090 |
_a9495809 _c9495809 |
||
| 100 | _a20040226d1930 |||y0rusy50 ca | ||
| 101 | 0 | _achm | |
| 102 | _aRU | ||
| 105 | _ay ||||||||| | ||
| 135 | _acrgn 008anaba | ||
| 200 | 1 |
_aОтылым куаш куралын шушкыдэмдымэ да ик ийашлан шижым куралын кодымо _fДанилов С. И. _gБэльский Й. кусарэн |
|
| 210 |
_aМ. _cССР Ушэм Калык-влак Ру|дö савыктыш _d1930 |
||
| 215 |
_a18, [1]с. _d21 |
||
| 325 | 1 | _aКопия доступна в электронной библиотеке РНБ | |
| 541 | 1 |
_aПожнивное лущение и зяблевая вспашка под яровые _zrus |
|
| 606 | 0 |
_aЗяблевая вспашка _91089453 _3RU\NLR\auth\66427089 |
|
| 686 | 1 | _aП143.2 | |
| 700 | 1 |
_aДанилов _bС. И. _4070 |
|
| 801 | 0 |
_aRU _bNLR _c20040226 _gPSBO |
|
| 852 |
_aNLR _bОНЛ _jМар.л./3-306 |
||
| 901 | _eКнижные издания | ||
| 942 | _cBOOK | ||
| 980 | _aNB | ||
| 981 | 2 | 3 |
_a(23) Национальные литературы _b(23) Книги на национальных языках |